00422nam a2200157Ia 4500008004100000020001800041041000800059082001900067100001500086245004500101250001200146260003500158300002700193365001600220700002800236230718s9999 xx 000 0 und d a9788181476524 aeng a621.382'1bWAL aWalrand J. aHigh-Performance Communication Networks  a2nd ed. c2009bMorgan Kaufmann/Elsevier a693dRef 410 G (47325) cRs.b450.00 aWalrand J. & Varaiya P.